| 000 | 00998nam a2200265Ia 4500 | ||
|---|---|---|---|
| 001 | ebr5000523 | ||
| 003 | CaPaEBR | ||
| 006 | m u | ||
| 007 | cr cn||||||||| | ||
| 008 | 010511s2001 vau s 000 0 eng d | ||
| 040 |
_aCaPaEBR _cCaPaEBR |
||
| 035 | _a(OCoLC)450590936 | ||
| 050 | 1 | 4 |
_aPA3893 _b.O6 2001eb |
| 100 | 0 | _aAristotle. | |
| 245 | 1 | 0 |
_aOn interpretation _h[electronic resource] / _cby Aristotle; translated by E.M. Edghill. |
| 260 |
_aBlacksburg, VA : _bVirginia Tech, _c2001. |
||
| 300 | _a20 p. | ||
| 533 |
_aElectronic reproduction. _bPalo Alto, Calif. : _cebrary, _d2010. _nAvailable via World Wide Web. _nAccess may be limited to ebrary affiliated libraries. |
||
| 650 | 0 |
_aLogic _vEarly works to 1800. |
|
| 650 | 0 | _aPhilosophy, Ancient. | |
| 655 | 7 |
_aElectronic books. _2local |
|
| 700 | 1 | _aEdghill, E. M. | |
| 710 | 2 | _aebrary, Inc. | |
| 856 | 4 | 0 |
_uhttp://site.ebrary.com/lib/rucke/Doc?id=5000523 _zAn electronic book accessible through the World Wide Web; click to view |
| 999 |
_c2859 _d2859 |
||